Visualizzazione normale
Vista MARC
- Atwell Winifred
di Personal Name
Records bibliografici associati: 1
001 - CONTROL NUMBER
- control field: 8194
003 - CONTROL NUMBER IDENTIFIER
- control field: IT-RoPau
005 - DATE AND TIME OF LATEST TRANSACTION
- control field: 20140108115718.0
008 - FIXED-LENGTH DATA ELEMENTS
- fixed length control field: 140108|| aca||aabn | a|a d
040 ## - CATALOGING SOURCE
- Original cataloging agency: IT-RoPau
- Transcribing agency: IT-RoPau
100 ## - HEADING--PERSONAL NAME
- Personal name: Atwell Winifred
- Miscellaneous information: Codice autore musica SPICS: 7859
- Relator term: Autore musica
- Name of part/section of a work: Jubilee Rag - Coronation Rag - Swanee River Boogie
670 ## - SOURCE DATA FOUND
- Source citation: Work cat.: (IT-RoPau)99741: AA.VV. 794, World of Winifred Atwell (The)-Lp Zal 9388P